000 00272nam a2200109Ia 4500
008 190914s9999||||xx |||||||||||||| ||und||
100 _aProf: Inayat Ali Khan
245 0 _aNihayat : Intikhab Kalam Inayat
260 _aKarachi
_bIndustree
_c2004
300 _a529
942 _cBK
999 _c9328
_d9328